| 000 | 01169cam a22003137a 4500 | ||
|---|---|---|---|
| 003 | CHAP | ||
| 005 | 20220329134502.0 | ||
| 008 | 971013s1979 r 00010 d | ||
| 010 | _a21070 | ||
| 011 | _a22042 | ||
| 035 | _a26134 | ||
| 040 | _cCHAP | ||
| 090 | _aFolleto 5303 | ||
| 100 | 0 | 0 |
_aCienfuegos Ibarra, Francisco. _923242 |
| 245 | 1 | 3 |
_aUn programa de formación de profesores para el sistema nacional de educación agrícola superior _b: en México |
| 260 |
_a(s.l.) : _bUNAM. Escuela Nacional de Estudios Profesionales Cuautitlán. Departamento de Ingeniería Agrícola, _c1979 |
||
| 300 | _a23 h. | ||
| 590 |
_aBATCH-UPD _b10 _c20130110 _lUCH01 _h1611 |
||
| 590 |
_aBATCH-UPD _b10 _c20130410 _lUCH01 _h1007 |
||
| 590 |
_aBATCH-UPD _b10 _c20130914 _lUCH01 _h0946 |
||
| 590 |
_aCONVERSION _b10 _c20130109 _lUCH01 _h1313 |
||
| 650 | 1 | 4 |
_aAgricultura _xEstudio y ensenanza. _91474 |
| 650 | 1 | 4 |
_aEducación agrícola _xFormación de profesores. _935519 |
| 650 | 1 | 4 |
_aEducación agrícola _zMéxico. _935552 |
| 901 | _aBK | ||
| 942 | _cFOLL | ||
| 949 |
_aFolleto 5303 _bBC _cFOLL _d-60343 _eTS1 _i26134 _si |
||
| 949 |
_aFolleto 5303 _bBC _cFOLL _d-60344 _eTS2 _fc.2 _i26134 _si |
||
| 999 |
_c21070 _d21070 |
||